[Event "DSJ Weihnachtsturnier U16: Lasker 2020"]
[Site ""]
[Date "2020.12.28"]
[Round "2"]
[White "Schmitt, Daniel"]
[Black "Klugstedt, Vincent"]
[Result "1-0"]
[Termination "normal"]
[Board "1.2"]
[WhiteElo "1966"]
[BlackElo "1928"]
[WhiteTeam "OSG Baden-Baden"]
[BlackTeam "Schachgesellschaft Bochum 1931"]
[PlyCount "167"]
[WhiteFideId "16279018"]
[BlackFideId "16216393"]
[EventRounds "7"]
[EventType "team-swiss"]
[EventDate "2020.12.28"]

1. e4 {[%emt 0:00:03]} c5 {[%emt 0:00:19]} 2. Nf3 {[%emt 0:00:01]} Nc6 { [%emt
0:00:07]} 3. d4 {[%emt 0:00:03]} cxd4 {[%emt 0:00:05]} 4. Nxd4 {[%emt 0:00:00]}
g6 {[%emt 0:00:03]} 5. c4 {[%emt 0:00:09]} Bg7 {[%emt 0:00:13]} 6. Be3 {[%emt
0:00:03]} Nf6 {[%emt 0:00:02]} 7. Nc3 {[%emt 0:00:03]} O-O {[%emt 0:00:02]} 8.
Be2 {[%emt 0:00:12]} d6 {[%emt 0:00:05]} 9. O-O {[%emt 0:00:19]} Bd7 { [%emt
0:00:04]} 10. Qd2 {[%emt 0:00:27]} Rc8 {[%emt 0:00:06]} 11. f3 {[%emt 0:00:18]}
h5 {[%emt 0:00:15]} 12. Rac1 {[%emt 0:00:46]} a6 {[%emt 0:00:17]} 13. Rfd1
{[%emt 0:00:50]} Re8 {[%emt 0:00:11]} 14. a3 {[%emt 0:00:38]} Qc7 { [%emt
0:00:11]} 15. Nd5 {[%emt 0:00:11]} Qd8 {[%emt 0:00:22]} 16. b4 {[%emt 0:00:26]}
Nxd4 {[%emt 0:00:11]} 17. Bxd4 {[%emt 0:00:06]} Be6 {[%emt 0:00:03]} 18. Nxf6+
{[%emt 0:00:16]} exf6 {[%emt 0:00:04]} 19. Bf2 {[%emt 0:00:47]} Qe7 { [%emt
0:00:18]} 20. Qxd6 {[%emt 0:00:11]} Qxd6 {[%emt 0:00:08]} 21. Rxd6 { [%emt
0:00:00]} f5 {[%emt 0:00:02]} 22. Bd4 {[%emt 0:00:43]} fxe4 {[%emt 0:01:29]}
23. fxe4 {[%emt 0:00:29]} Rc6 {[%emt 0:00:19]} 24. Rxc6 {[%emt 0:00:06]} bxc6
{[%emt 0:00:02]} 25. Bxg7 {[%emt 0:00:06]} Kxg7 {[%emt 0:00:03]} 26. c5 { [%emt
0:00:05]} Bc8 {[%emt 0:00:18]} 27. Bd3 {[%emt 0:00:11]} Rd8 {[%emt 0:00:27]}
28. Rc3 {[%emt 0:00:02]} Kf6 {[%emt 0:00:01]} 29. Kf2 {[%emt 0:00:03]} Ke5
{[%emt 0:00:01]} 30. Ke3 {[%emt 0:00:03]} Bb7 {[%emt 0:00:06]} 31. Rc1 { [%emt
0:00:05]} Bc8 {[%emt 0:00:21]} 32. Rf1 {[%emt 0:00:08]} f5 {[%emt 0:00:04]} 33.
exf5 {[%emt 0:00:03]} Bxf5 {[%emt 0:00:02]} 34. Bxf5 {[%emt 0:00:25]} gxf5
{[%emt 0:00:06]} 35. Rf2 {[%emt 0:00:12]} Rd1 {[%emt 0:00:08]} 36. Ra2 { [%emt
0:00:12]} Rb1 {[%emt 0:00:08]} 37. Kd3 {[%emt 0:00:09]} Rh1 {[%emt 0:00:08]}
38. h3 {[%emt 0:00:07]} Rd1+ {[%emt 0:00:22]} 39. Ke2 {[%emt 0:00:05]} Rb1
{[%emt 0:00:06]} 40. Rd2 {[%emt 0:00:08]} Rb3 {[%emt 0:00:16]} 41. Rd3 { [%emt
0:00:24]} Rb2+ {[%emt 0:00:03]} 42. Kf3 {[%emt 0:00:04]} h4 {[%emt 0:00:13]}
43. Rd6 {[%emt 0:00:32]} Rb3+ {[%emt 0:00:05]} 44. Kf2 {[%emt 0:00:05]} Kf4
{[%emt 0:01:12]} 45. Rd4+ {[%emt 0:00:22]} Kg5 {[%emt 0:00:09]} 46. Rd6 { [%emt
0:00:09]} Kf4 {[%emt 0:00:01]} 47. Rxc6 {[%emt 0:00:21]} Rxa3 {[%emt 0:00:03]}
48. Rh6 {[%emt 0:00:11]} Ra2+ {[%emt 0:00:07]} 49. Kg1 {[%emt 0:00:02]} Kg5
{[%emt 0:00:08]} 50. Rb6 {[%emt 0:00:07]} Ra1+ {[%emt 0:00:01]} 51. Kh2 { [%emt
0:00:02]} f4 {[%emt 0:00:05]} 52. c6 {[%emt 0:00:02]} Ra2 {[%emt 0:00:23] } 53.
c7 {[%emt 0:00:01]} Rc2 {[%emt 0:00:02]} 54. Rxa6 {[%emt 0:00:03]} Rxc7 { [%emt
0:00:02]} 55. Ra3 {[%emt 0:00:04]} Rb7 {[%emt 0:00:03]} 56. Rb3 {[%emt
0:00:01]} Rb5 {[%emt 0:00:02]} 57. Kg1 {[%emt 0:00:01]} Kf5 {[%emt 0:00:02]}
58. Kf2 {[%emt 0:00:01]} Ke4 {[%emt 0:00:00]} 59. Ke2 {[%emt 0:00:02]} Rg5 {
[%emt 0:00:04]} 60. Kf2 {[%emt 0:00:02]} Rb5 {[%emt 0:00:02]} 61. Rb2 {[%emt
0:00:01]} Rb6 {[%emt 0:00:15]} 62. b5 {[%emt 0:00:01] Bochum2-002 bietet Remis}
Kd4 {[%emt 0:00:08]} 63. Kf3 {[%emt 0:00:02]} Kc3 {[%emt 0:00:01]} 64. Rb1 {
[%emt 0:00:05]} Kc2 {[%emt 0:00:01]} 65. Rb4 {[%emt 0:00:01]} Kc3 {[%emt
0:00:01]} 66. Rxf4 {[%emt 0:00:02]} Rxb5 {[%emt 0:00:01]} 67. Rxh4 {[%emt
0:00:01]} Kd3 {[%emt 0:00:02]} 68. Ra4 {[%emt 0:00:02]} Rg5 {[%emt 0:00:05]}
69. h4 { [%emt 0:00:04]} Rg6 {[%emt 0:00:04]} 70. g4 {[%emt 0:00:01]} Rf6+
{[%emt 0:00:03]} 71. Kg3 {[%emt 0:00:00]} Ke3 {[%emt 0:00:05]} 72. g5 {[%emt
0:00:02]} Rf1 {[%emt 0:00:03]} 73. Kg4 {[%emt 0:00:03]} Rg1+ {[%emt 0:00:02]}
74. Kh5 { [%emt 0:00:01]} Kf3 {[%emt 0:00:02]} 75. g6 {[%emt 0:00:01]} Rg2
{[%emt 0:00:05]} 76. Kh6 {[%emt 0:00:03]} Rg4 {[%emt 0:00:02]} 77. Rxg4 {[%emt
0:00:02]} Kxg4 {[%emt 0:00:00]} 78. g7 {[%emt 0:00:00]} Kxh4 {[%emt 0:00:00]}
79. g8=Q { [%emt 0:00:02]} Kh3 {[%emt 0:00:00]} 80. Kg6 {[%emt 0:00:01]} Kh2
{[%emt 0:00:00]} 81. Kf5 {[%emt 0:00:01]} Kh1 {[%emt 0:00:01]} 82. Kf4 {[%emt
0:00:00]} Kh2 {[%emt 0:00:01]} 83. Kf3 {[%emt 0:00:00]} Kh1 {[%emt 0:00:00]}
84. Qg2# { [%emt 0:00:04]} 1-0

[Event "DSJ Weihnachtsturnier U16: Lasker 2020"]
[Site ""]
[Date "2020.12.28"]
[Round "2"]
[White "Gluma, Christian"]
[Black "Wu, Luka"]
[Result "0-1"]
[Termination "normal"]
[Board "1.3"]
[WhiteElo "1864"]
[BlackElo "2065"]
[WhiteTeam "Schachgesellschaft Bochum 1931"]
[BlackTeam "OSG Baden-Baden"]
[PlyCount "88"]
[WhiteFideId "16223209"]
[BlackFideId "12977420"]
[EventRounds "7"]
[EventType "team-swiss"]
[EventDate "2020.12.28"]

1. e4 {[%emt 0:00:01]} c5 {[%emt 0:00:02]} 2. Nf3 {[%emt 0:00:01]} d6 {[%emt
0:00:01]} 3. d4 {[%emt 0:00:02]} cxd4 {[%emt 0:00:00]} 4. Nxd4 {[%emt 0:00:01]}
Nf6 {[%emt 0:00:01]} 5. Nc3 {[%emt 0:00:02]} g6 {[%emt 0:00:01]} 6. Be3 { [%emt
0:00:05]} Bg7 {[%emt 0:00:01]} 7. Be2 {[%emt 0:00:04]} Nc6 {[%emt 0:00:35]} 8.
f4 {[%emt 0:00:14]} Qa5 {[%emt 0:00:47]} 9. Qd2 {[%emt 0:00:07]} Nxd4 { [%emt
0:01:42]} 10. Bxd4 {[%emt 0:00:02]} Nxe4 {[%emt 0:00:25]} 11. Nxe4 { [%emt
0:00:24]} Qxd2+ {[%emt 0:00:21]} 12. Nxd2 {[%emt 0:00:02]} Bxd4 {[%emt
0:00:01]} 13. O-O-O {[%emt 0:00:02]} Bf5 {[%emt 0:00:07]} 14. Bb5+ {[%emt
0:00:04]} Bd7 {[%emt 0:00:04]} 15. Bxd7+ {[%emt 0:00:03]} Kxd7 {[%emt 0:00:00]}
16. Nf3 {[%emt 0:00:02]} Be3+ {[%emt 0:00:02]} 17. Kb1 {[%emt 0:00:04]} Bxf4 {
[%emt 0:00:01]} 18. Nd4 {[%emt 0:00:03]} Be5 {[%emt 0:00:03]} 19. Nf3 {[%emt
0:00:03]} Bg7 {[%emt 0:00:01]} 20. Rd3 {[%emt 0:00:04]} Rhc8 {[%emt 0:00:04]}
21. Re1 {[%emt 0:00:04]} Rc5 {[%emt 0:00:04]} 22. Rb3 {[%emt 0:00:06]} b6
{[%emt 0:00:02]} 23. h4 {[%emt 0:00:04]} Rac8 {[%emt 0:00:04]} 24. c3 {[%emt
0:00:04]} e5 {[%emt 0:00:01]} 25. Rb4 {[%emt 0:00:03]} f5 {[%emt 0:00:01]} 26.
Ng5 { [%emt 0:00:04]} h6 {[%emt 0:00:04]} 27. Nh3 {[%emt 0:00:05]} Rc4 {[%emt
0:00:10]} 28. Rxc4 {[%emt 0:00:04]} Rxc4 {[%emt 0:00:00]} 29. g3 {[%emt
0:00:02]} Rg4 {[%emt 0:00:05]} 30. Re3 {[%emt 0:00:03]} g5 {[%emt 0:00:04]} 31.
hxg5 { [%emt 0:00:02]} hxg5 {[%emt 0:00:00]} 32. Nf2 {[%emt 0:00:02]} Rc4
{[%emt 0:00:07]} 33. Kc2 {[%emt 0:00:04]} f4 {[%emt 0:00:03]} 34. gxf4 {[%emt
0:00:02]} Rxf4 {[%emt 0:00:09]} 35. Nd3 {[%emt 0:00:02]} Rf5 {[%emt 0:00:10]}
36. Kb3 { [%emt 0:00:05]} d5 {[%emt 0:00:08]} 37. Nb4 {[%emt 0:00:04]} e4
{[%emt 0:00:11] } 38. Rh3 {[%emt 0:00:07]} a5 {[%emt 0:00:04]} 39. Nc2 {[%emt
0:00:02]} Kd6 { [%emt 0:00:41]} 40. Rh7 {[%emt 0:00:04]} Bf6 {[%emt 0:00:26]}
41. Rh6 {[%emt 0:00:06]} Ke5 {[%emt 0:00:22]} 42. Ne3 {[%emt 0:00:08]} Rf4
{[%emt 0:00:19] Bochum2-003 reconnected.} 43. Ka4 {[%emt 0:01:16] Bochum2-003
reconnected.} Be7 {[%emt 0:01:13]} 44. Rxb6 {[%emt 0:00:23]} Bc5 {[%emt
0:00:03]} 0-1

[Event "DSJ Weihnachtsturnier U16: Lasker 2020"]
[Site ""]
[Date "2020.12.28"]
[Round "2"]
[White "Wu, Leon"]
[Black "Hofmann, Benjamin"]
[Result "1-0"]
[Termination "normal"]
[Board "1.4"]
[WhiteElo "1981"]
[BlackElo "1489"]
[WhiteTeam "OSG Baden-Baden"]
[BlackTeam "Schachgesellschaft Bochum 1931"]
[PlyCount "73"]
[WhiteFideId "12977438"]
[BlackFideId "16270266"]
[EventRounds "7"]
[EventType "team-swiss"]
[EventDate "2020.12.28"]

1. e4 {[%emt 0:00:05]} e5 {[%emt 0:00:03]} 2. Nf3 {[%emt 0:00:07]} Nc6 {[%emt
0:00:04]} 3. Bb5 {[%emt 0:00:01]} a6 {[%emt 0:00:02]} 4. Ba4 {[%emt 0:00:02]}
Nf6 {[%emt 0:00:03]} 5. O-O {[%emt 0:00:02]} Bc5 {[%emt 0:00:13]} 6. c3 {[%emt
0:00:17]} O-O {[%emt 0:00:10]} 7. Re1 {[%emt 0:00:06]} d6 { [%emt 0:00:03]} 8.
h3 {[%emt 0:00:01]} Ne7 {[%emt 0:00:10]} 9. d4 {[%emt 0:00:13]} exd4 {[%emt
0:00:05]} 10. cxd4 {[%emt 0:00:01]} Bb6 {[%emt 0:00:08]} 11. Nbd2 {[%emt
0:00:07]} Ng6 {[%emt 0:00:04]} 12. Nf1 {[%emt 0:00:03]} c6 { [%emt 0:00:04]}
13. Ng3 {[%emt 0:00:02]} Bc7 {[%emt 0:00:12]} 14. Bc2 {[%emt 0:00:19]} Re8
{[%emt 0:00:09]} 15. Be3 {[%emt 0:00:38]} h6 {[%emt 0:00:07]} 16. Qd2 {[%emt
0:00:05]} d5 {[%emt 0:00:24]} 17. e5 {[%emt 0:00:09]} Nd7 {[%emt 0:00:22]} 18.
b3 {[%emt 0:00:32]} Nb6 {[%emt 0:00:14]} 19. Nf5 {[%emt 0:00:26]} Bxf5 {[%emt
0:00:10]} 20. Bxf5 {[%emt 0:00:00]} Ne7 {[%emt 0:00:37]} 21. Bc2 { [%emt
0:00:13]} Qd7 {[%emt 0:00:11]} 22. Bxh6 {[%emt 0:00:14]} gxh6 {[%emt 0:00:09]}
23. Qxh6 {[%emt 0:00:00]} Qe6 {[%emt 0:00:16]} 24. Qh7+ {[%emt 0:00:43] } Kf8
{[%emt 0:00:08]} 25. Ng5 {[%emt 0:00:01]} Ng6 {[%emt 0:00:31]} 26. Nxe6+ {[%emt
0:00:04]} Rxe6 {[%emt 0:00:06]} 27. Bf5 {[%emt 0:00:02]} Re7 {[%emt 0:00:08]}
28. e6 {[%emt 0:00:06]} f6 {[%emt 0:00:22]} 29. Qxg6 {[%emt 0:00:04]} Rg7
{[%emt 0:00:12]} 30. e7+ {[%emt 0:00:14]} Kg8 {[%emt 0:00:08]} 31. Be6+ { [%emt
0:00:03]} Kh8 {[%emt 0:00:04]} 32. Qh6+ {[%emt 0:00:01]} Rh7 {[%emt 0:00:04]}
33. Qxf6+ {[%emt 0:00:01]} Rg7 {[%emt 0:00:01]} 34. Bc8 {[%emt 0:00:07]} Rxc8
{[%emt 0:00:12]} 35. e8=Q+ {[%emt 0:00:03]} Rxe8 {[%emt 0:00:06]} 36. Rxe8+
{[%emt 0:00:00]} Kh7 {[%emt 0:00:01]} 37. Qh4+ {[%emt 0:00:05]} 1-0

[Event "DSJ Weihnachtsturnier U16: Lasker 2020"]
[Site ""]
[Date "2020.12.28"]
[Round "2"]
[White "Weihrauch, Jakob"]
[Black "Fuhrmann, Bahne"]
[Result "0-1"]
[Termination "normal"]
[Board "2.1"]
[WhiteElo "2146"]
[BlackElo "1849"]
[WhiteTeam "Hamburger SK von 1830"]
[BlackTeam "Hamburger SK von 1830 2"]
[PlyCount "118"]
[WhiteFideId "16210115"]
[BlackFideId "16244842"]
[EventRounds "7"]
[EventType "team-swiss"]
[EventDate "2020.12.28"]

1. e4 {[%emt 0:00:05]} e5 {[%emt 0:00:12]} 2. Nf3 {[%emt 0:00:05]} Nc6 { [%emt
0:00:03]} 3. Bb5 {[%emt 0:00:06]} a6 {[%emt 0:00:04]} 4. Ba4 {[%emt 0:00:05]}
Nf6 {[%emt 0:00:02]} 5. O-O {[%emt 0:00:10]} b5 {[%emt 0:00:02]} 6. Bb3 { [%emt
0:00:03]} Bc5 {[%emt 0:00:01]} 7. Re1 {[%emt 0:00:12]} O-O {[%emt 0:00:12]} 8.
c3 {[%emt 0:00:02]} d6 {[%emt 0:00:04]} 9. h3 {[%emt 0:00:04]} Be6 { [%emt
0:00:14]} 10. Bxe6 {[%emt 0:00:14]} fxe6 {[%emt 0:00:02]} 11. d4 { [%emt
0:00:00]} exd4 {[%emt 0:00:04]} 12. cxd4 {[%emt 0:00:03]} Bb6 {[%emt 0:00:02]}
13. d5 {[%emt 0:00:27]} exd5 {[%emt 0:00:15]} 14. exd5 {[%emt 0:00:03]} Ne5
{[%emt 0:00:25]} 15. Nbd2 {[%emt 0:00:55]} Nxd5 {[%emt 0:00:42]} 16. Qb3 {
[%emt 0:00:35]} c6 {[%emt 0:00:03]} 17. Nxe5 {[%emt 0:00:18]} Bxf2+ {[%emt
0:00:15]} 18. Kh1 {[%emt 0:00:06]} Bxe1 {[%emt 0:01:22]} 19. Nxc6 {[%emt
0:00:03] } Qg5 {[%emt 0:00:03]} 20. Nf3 {[%emt 0:01:14]} Qh5 {[%emt 0:02:45]}
21. Qxd5+ {[%emt 0:01:09]} Qxd5 {[%emt 0:00:33]} 22. Ne7+ {[%emt 0:00:04]} Kh8
{[%emt 0:00:03]} 23. Nxd5 {[%emt 0:00:00]} Bg3 {[%emt 0:00:17]} 24. Be3 {[%emt
0:00:20]} Rae8 {[%emt 0:00:24]} 25. Rd1 {[%emt 0:01:36]} Rf5 {[%emt 0:00:24]}
26. Bg5 { [%emt 0:00:56]} h6 {[%emt 0:00:16]} 27. Bc1 {[%emt 0:01:10]} Re2
{[%emt 0:00:35]} 28. Ne3 {[%emt 0:00:16]} Rf7 {[%emt 0:00:11]} 29. Rd2 {[%emt
0:00:13]} Rxe3 {[%emt 0:00:07]} 30. Rd1 {[%emt 0:00:17]} Re2 {[%emt 0:00:05]}
31. Bd2 { [%emt 0:00:01]} Kh7 {[%emt 0:00:13]} 32. Bc3 {[%emt 0:00:01]} Rf2
{[%emt 0:00:08]} 33. Kg1 {[%emt 0:00:02]} Rc2 {[%emt 0:00:22]} 34. Nd4 {[%emt
0:00:04]} Bf2+ {[%emt 0:00:05]} 35. Kh2 {[%emt 0:00:04]} Bxd4 {[%emt 0:00:04]}
36. Rxd4 { [%emt 0:00:00]} Rff2 {[%emt 0:00:04]} 37. Rg4 {[%emt 0:00:01]} g5
{[%emt 0:00:02]} 38. Kg1 {[%emt 0:00:03]} Kg6 {[%emt 0:00:02]} 39. Bd4 {[%emt
0:00:02]} Rfd2 {[%emt 0:00:04]} 40. Bc3 {[%emt 0:00:01]} Re2 {[%emt 0:00:03]}
41. Kf1 { [%emt 0:00:02]} h5 {[%emt 0:00:09]} 42. Rg3 {[%emt 0:00:01]} Kf5
{[%emt 0:00:09]} 43. Rf3+ {[%emt 0:00:05]} Ke4 {[%emt 0:00:02]} 44. Rg3 {[%emt
0:00:01]} Rf2+ {[%emt 0:00:03]} 45. Ke1 {[%emt 0:00:03]} Rxg2 {[%emt 0:00:02]}
46. Rxg2 { [%emt 0:00:05]} Rxg2 {[%emt 0:00:00]} 47. Kf1 {[%emt 0:00:00]} Rh2
{[%emt 0:00:01]} 48. Kg1 {[%emt 0:00:02]} Rxh3 {[%emt 0:00:01]} 49. Kg2 {[%emt
0:00:00]} Rxc3 {[%emt 0:00:01]} 50. bxc3 {[%emt 0:00:02]} Kd3 {[%emt 0:00:00]}
51. Kf3 { [%emt 0:00:01]} Kxc3 {[%emt 0:00:01]} 52. Ke4 {[%emt 0:00:00]} Kb2
{[%emt 0:00:00]} 53. Kd5 {[%emt 0:00:00]} Kxa2 {[%emt 0:00:00]} 54. Kxd6 {[%emt
0:00:00]} b4 {[%emt 0:00:00]} 55. Kc5 {[%emt 0:00:00]} b3 {[%emt 0:00:00]} 56.
Kb4 { [%emt 0:00:01]} b2 {[%emt 0:00:00]} 57. Ka4 {[%emt 0:00:01]} b1=Q {[%emt
0:00:00]} 58. Ka5 {[%emt 0:00:00]} Qf5+ {[%emt 0:00:04]} 59. Ka4 {[%emt
0:00:02]} Qb5# {[%emt 0:00:02]} 0-1

[Event "DSJ Weihnachtsturnier U16: Lasker 2020"]
[Site ""]
[Date "2020.12.28"]
[Round "2"]
[White "Kort, Felix"]
[Black "Garner, Isaac"]
[Result "0-1"]
[Termination "normal"]
[Board "2.2"]
[WhiteElo "1850"]
[BlackElo "2095"]
[WhiteTeam "Hamburger SK von 1830 2"]
[BlackTeam "Hamburger SK von 1830"]
[PlyCount "82"]
[WhiteFideId "16220129"]
[BlackFideId "16239261"]
[EventRounds "7"]
[EventType "team-swiss"]
[EventDate "2020.12.28"]

1. d4 {[%emt 0:00:05]} Nf6 {[%emt 0:00:12]} 2. c4 {[%emt 0:00:04]} e6 {[%emt
0:00:04]} 3. Nc3 {[%emt 0:00:02]} Bb4 {[%emt 0:00:01]} 4. Qc2 {[%emt 0:00:01]}
O-O {[%emt 0:00:02]} 5. e4 {[%emt 0:00:03]} d5 {[%emt 0:00:01]} 6. e5 {[%emt
0:00:01]} Ne4 {[%emt 0:00:01]} 7. Bd3 {[%emt 0:00:01]} c5 {[%emt 0:00:01]} 8.
Nf3 {[%emt 0:00:02]} Nc6 {[%emt 0:00:46]} 9. O-O {[%emt 0:00:32]} f5 {[%emt
0:00:40]} 10. exf6 {[%emt 0:00:50]} Nxf6 {[%emt 0:00:03]} 11. cxd5 {[%emt
0:00:30]} exd5 {[%emt 0:00:04]} 12. a3 {[%emt 0:01:19]} Bxc3 {[%emt 0:00:22]}
13. bxc3 { [%emt 0:00:00]} c4 {[%emt 0:02:17]} 14. Be2 {[%emt 0:00:21]} Ne4
{[%emt 0:00:11]} 15. Qb2 {[%emt 0:00:52]} Na5 {[%emt 0:00:16]} 16. Bd1 {[%emt
0:00:03]} Bf5 {[%emt 0:00:29]} 17. Ne5 {[%emt 0:00:27]} Rf6 {[%emt 0:00:17]}
18. f3 {[%emt 0:00:18]} Rb6 {[%emt 0:00:10]} 19. Qxb6 {[%emt 0:02:13]} Qxb6
{[%emt 0:00:07]} 20. fxe4 {[%emt 0:00:01]} Bxe4 {[%emt 0:00:00]} 21. Ra2 {[%emt
0:00:16]} Nc6 { [%emt 0:00:08]} 22. Raf2 {[%emt 0:00:25]} Nxe5 {[%emt 0:00:03]}
23. dxe5 { [%emt 0:00:00]} Rf8 {[%emt 0:00:08]} 24. a4 {[%emt 0:00:18]} Bd3
{[%emt 0:00:02]} 25. Ba3 {[%emt 0:00:08]} Rxf2 {[%emt 0:00:55]} 26. Rxf2 {[%emt
0:00:08]} Qe3 {[%emt 0:00:02]} 27. g3 {[%emt 0:00:31]} h6 {[%emt 0:00:16]} 28.
Bh5 { [%emt 0:00:38]} Qe1+ {[%emt 0:00:38]} 29. Kg2 {[%emt 0:00:05]} Be4+
{[%emt 0:00:02]} 30. Bf3 {[%emt 0:00:03]} Bxf3+ {[%emt 0:00:04]} 31. Rxf3
{[%emt 0:00:02]} Qxe5 {[%emt 0:00:02]} 32. Bc5 {[%emt 0:00:16]} Qe2+ {[%emt
0:00:42]} 33. Rf2 {[%emt 0:00:05]} Qe4+ {[%emt 0:00:02]} 34. Rf3 {[%emt
0:00:01]} Qc2+ { [%emt 0:00:02]} 35. Kh3 {[%emt 0:00:11]} Qxa4 {[%emt 0:00:03]}
36. Rf8+ { [%emt 0:00:02]} Kh7 {[%emt 0:00:02]} 37. Bd4 {[%emt 0:00:01]} Qd7+
{[%emt 0:00:06]} 38. Kg2 {[%emt 0:00:04]} a5 {[%emt 0:00:02]} 39. Ra8 {[%emt
0:00:02]} a4 { [%emt 0:00:03]} 40. Kf2 {[%emt 0:00:07]} Qf5+ {[%emt 0:00:04]}
41. Ke2 { [%emt 0:00:01]} Qc2+ {[%emt 0:00:02]} 0-1

[Event "DSJ Weihnachtsturnier U16: Lasker 2020"]
[Site ""]
[Date "2020.12.28"]
[Round "2"]
[White "von Krosigk, Florian"]
[Black "Genov, Valentin"]
[Result "0-1"]
[Termination "normal"]
[Board "2.3"]
[BlackTitle "CM"]
[WhiteElo "1941"]
[BlackElo "1826"]
[WhiteTeam "Hamburger SK von 1830"]
[BlackTeam "Hamburger SK von 1830 2"]
[PlyCount "125"]
[WhiteFideId "16227808"]
[BlackFideId "2919745"]
[EventRounds "7"]
[EventType "team-swiss"]
[EventDate "2020.12.28"]

1. e4 {[%emt 0:00:19]} c5 {[%emt 0:00:06]} 2. Nf3 {[%emt 0:00:02]} e6 {[%emt
0:00:06]} 3. d4 {[%emt 0:00:05]} cxd4 {[%emt 0:00:03]} 4. Nxd4 {[%emt 0:00:00]}
Nc6 {[%emt 0:00:03]} 5. Nc3 {[%emt 0:01:07]} a6 {[%emt 0:00:17]} 6. Be3 { [%emt
0:00:30]} Nf6 {[%emt 0:00:54]} 7. a3 {[%emt 0:01:19]} Be7 {[%emt 0:01:36] } 8.
Nxc6 {[%emt 0:01:57]} bxc6 {[%emt 0:00:22]} 9. f4 {[%emt 0:00:27]} d5 { [%emt
0:01:31]} 10. e5 {[%emt 0:01:37]} Nd7 {[%emt 0:00:12]} 11. b4 {[%emt 0:00:08]}
c5 {[%emt 0:00:31]} 12. bxc5 {[%emt 0:00:20]} Nxc5 {[%emt 0:01:15]} 13. Bd3
{[%emt 0:01:14]} Nxd3+ {[%emt 0:00:59]} 14. Qxd3 {[%emt 0:00:21]} O-O { [%emt
0:00:09]} 15. O-O {[%emt 0:00:17]} a5 {[%emt 0:00:05]} 16. Nb5 {[%emt 0:00:46]}
Ba6 {[%emt 0:00:03]} 17. a4 {[%emt 0:00:01]} Qc8 {[%emt 0:00:33]} 18. Rfb1
{[%emt 0:00:01]} Bc5 {[%emt 0:00:11]} 19. c3 {[%emt 0:00:02]} Bxe3+ { [%emt
0:00:12]} 20. Qxe3 {[%emt 0:00:00]} Qc4 {[%emt 0:00:18]} 21. Qd4 { [%emt
0:00:02]} Rfc8 {[%emt 0:00:18]} 22. Qxc4 {[%emt 0:00:01]} Rxc4 {[%emt 0:00:02]}
23. Rb3 {[%emt 0:00:01]} Rac8 {[%emt 0:00:07]} 24. Nd6 {[%emt 0:00:02]} Rxc3
{[%emt 0:00:02]} 25. Nxc8 {[%emt 0:00:03]} Rxb3 {[%emt 0:00:02]} 26. Ne7+
{[%emt 0:00:00]} Kf8 {[%emt 0:00:02]} 27. Nc6 {[%emt 0:00:00]} Rb7 {[%emt
0:00:43]} 28. Nxa5 {[%emt 0:00:01]} Rd7 {[%emt 0:00:01]} 29. Nc6 {[%emt
0:00:01]} d4 {[%emt 0:00:01]} 30. Rd1 {[%emt 0:00:01]} d3 {[%emt 0:00:04]} 31.
Nb8 {[%emt 0:00:01]} Ra7 {[%emt 0:00:04]} 32. Nxa6 {[%emt 0:00:01]} Rxa6 {[%emt
0:00:00]} 33. Rxd3 {[%emt 0:00:01]} Rxa4 {[%emt 0:00:01]} 34. g3 {[%emt
0:00:01]} Ke7 { [%emt 0:00:02]} 35. Kg2 {[%emt 0:00:01] HSK04-003 offers a
draw} f6 {[%emt 0:00:08]} 36. exf6+ {[%emt 0:00:02]} gxf6 {[%emt 0:00:01]} 37.
Rb3 {[%emt 0:00:01]} Ra7 {[%emt 0:00:03]} 38. Kf3 {[%emt 0:00:02]} h5 {[%emt
0:00:02]} 39. Kg2 {[%emt 0:00:02]} Kd6 {[%emt 0:00:03]} 40. Kh3 {[%emt
0:00:01]} Rh7 {[%emt 0:00:01]} 41. Kh4 {[%emt 0:00:01]} e5 {[%emt 0:00:02]} 42.
Rb6+ {[%emt 0:00:02]} Kd5 {[%emt 0:00:04]} 43. Rxf6 {[%emt 0:00:05]} e4 {[%emt
0:00:01]} 44. Rf5+ { [%emt 0:00:01]} Kd4 {[%emt 0:00:02]} 45. Re5 {[%emt
0:00:03]} e3 {[%emt 0:00:01]} 46. Kh3 {[%emt 0:00:02]} Kd3 {[%emt 0:00:01]} 47.
Kg2 {[%emt 0:00:01]} Ra7 {[%emt 0:00:02]} 48. Rd5+ {[%emt 0:00:03]} Kc2 {[%emt
0:00:04]} 49. Kf3 { [%emt 0:00:02]} Re7 {[%emt 0:00:01]} 50. Ra5 {[%emt
0:00:17]} e2 {[%emt 0:00:02]} 51. Ra2+ {[%emt 0:00:01]} Kd3 {[%emt 0:00:01]}
52. Ra3+ {[%emt 0:00:01]} Kc4 {[%emt 0:00:02]} 53. Ra1 {[%emt 0:00:05]} e1=Q
{[%emt 0:00:02]} 54. Rxe1 { [%emt 0:00:00]} Rxe1 {[%emt 0:00:01]} 55. g4 {[%emt
0:00:00]} hxg4+ {[%emt 0:00:04]} 56. Kxg4 {[%emt 0:00:00]} Kd5 {[%emt 0:00:02]}
57. h4 {[%emt 0:00:01]} Re7 {[%emt 0:00:02]} 58. h5 {[%emt 0:00:01]} Ke6 {[%emt
0:00:01]} 59. h6 { [%emt 0:00:02]} Kf6 {[%emt 0:00:01]} 60. f5 {[%emt 0:00:02]}
Rh7 {[%emt 0:00:02]} 61. Kh5 {[%emt 0:00:02]} Kxf5 {[%emt 0:00:01]} 62. Kh4
{[%emt 0:00:00]} Rxh6+ {[%emt 0:00:01]} 63. Kg3 {[%emt 0:00:00]} 0-1